| 000 | 00879nam a22002297a 4500 | ||
|---|---|---|---|
| 999 |
_c4107 _d4107 |
||
| 003 | AR-CdUCM | ||
| 008 | 190307b ||||| |||| 00| 0 spa d | ||
| 040 |
_aMUNICIPALIDAD PROVINCIAL DEL CUSCO _cBIBLIOTECA MUNICIPAL DEL CUSCO |
||
| 082 |
_a150.19 / _bM26 |
||
| 100 |
_aMarcuse, Herbert _913020 |
||
| 245 |
_aEros y civilización : _buna investigación filosófica sobre Freud / |
||
| 260 |
_aMéxico : _bJoaquín Mortiz, _c1965. |
||
| 300 |
_a285 páginas ; _c19 cm. |
||
| 505 | _aContenido: Bajo el mando del principio de la realidad -- Más allá del principio de la realidad ... | ||
| 650 |
_aFreud, Sigmund - Crítica e interpretación _913021 |
||
| 650 |
_aPsicología social _94539 |
||
| 650 |
_aPsicoanálisis _913022 |
||
| 650 |
_aCivilización - Filosofía _913023 |
||
| 700 |
_aGarcía Ponce, Juan (Traductor) _913024 |
||
| 942 |
_2ddc _cLIBROS |
||
| 945 | _alccs | ||